=LDR 00000nam 2200000 4500 =001 INLIS000000000059748 =005 20211207075231 =035 ##$$a 0010-1121000485 =007 ta =008 211207###########################0#ind## =020 ##$$a 979-655-095-4 =082 ##$$a 303.440 95 =084 ##$$a 303.440 95 Nai m =245 ##$$a Megatrends Asia : $b Delapan Megatrend Asia yang Mengubah Dunia /$c Naisbitt John =300 ##$$a 328 halaman ; $c 22 cm =650 #4$$a Sejarah, Perubahan - Asia =264 ##$$a Jakarta :$b Gramedia pustaka utama,$c 1995 =336 ##$$a teks$2 rdacontent =337 ##$$a lain-lain$2 rdamedia =338 ##$$a lain-lain$2 rdacarrier =990 ##$$a 3202103294 =990 ##$$a 34063406